| 000 | 02244cas a2200445 4500 | ||
|---|---|---|---|
| 001 | 10545037 | ||
| 003 | AUA.1 | ||
| 005 | 20130528122702.0 | ||
| 007 | t| | ||
| 008 | 850720c19639999miufr p 0 a0eng c | ||
| 010 |
_a 74645601 _zsc 76000812 |
||
| 022 |
_a0003-2980 _21 |
||
| 035 | _a(OCoLC)ocm01780045 | ||
| 037 | _b49104 | ||
| 040 |
_aMnMULS _cMnMULS _dMBTI _dNSDP _dDLC _dOCoLC _dAIP _dNSDP _dAIP _dOCoLC _dDLC _dTNJ _dOCoLC |
||
| 042 |
_ansdp _apcc |
||
| 050 | 0 | 0 |
_aBR1 _b.A53a |
| 110 | 2 |
_aAndrews University. _bSeventh-Day Adventist Theological Seminary. _936646 |
|
| 210 | 0 | _aAndrews Univ. Semin. stud. | |
| 222 | 0 | _aAndrews University Seminary studies | |
| 245 | 1 | 0 | _aAndrews University Seminary studies. |
| 260 |
_aBerrien Springs, Mich., _bAndrews University Press. _cAutumn 2009 |
||
| 300 |
_bill. _c23 cm. _av.: |
||
| 310 |
_a2 issues yearly, _b<spring 1995- > |
||
| 321 |
_aFrequency varies, _b1963- |
||
| 362 | 0 | _aAutumn 2009 | |
| 440 |
_aAndrews University Seminary studies. _vVol.47, No.2 _936647 |
||
| 500 | _a"Journal of the Seventh-Day Adventist Theological Seminary." | ||
| 500 | _aContents: Chiasmus in Chronicles: Investigating the structures of 2 chronicles 28:16-21;33:1-20; and 31:20-32:33; The parable of the tares and Matthew's strategy vis-a-vis extreme sectarian impulses from within his community; Investigating the presuppositional realm of biblical-theological methodology, part II: Canale on reason; Divided by visions of the truth: the bible, epistemology, and the adventist community; A critical evalutation of John Hick's religious pluralism in light of his eschatological model; | ||
| 590 | _aAnnual, 1963-64; 2 no. a year, 1965-. "Journal of the Seventh-day Adventist Theological Seminary." | ||
| 650 | 0 |
_aTheology _vPeriodicals. _936648 |
|
| 650 | 0 |
_aTheological seminaries _xPeriodicals. _936649 |
|
| 700 |
_aJohn W. Reeve and Jerry A. Moon _eEditors _936650 |
||
| 906 |
_a7 _bcbc _cserials _du _encip _f19 _gn-oclcserc |
||
| 936 | _aSpring 1995 (surrogate) LIC | ||
| 942 |
_2lcc _cPER _hBR1 _i.A53a 2009 |
||
| 999 |
_c10234 _d10234 |
||